[Event "ROM-chT"]
[Site "Eforie Nord"]
[Date "2009.09.23"]
[Round "5"]
[White "Nevednichy, Vladislav"]
[Black "Nasolea, Alexandru"]
[Result "1-0"]
[WhiteElo "2601"]
[BlackElo "2034"]
[PlyCount "93"]
[EventDate "2009.09.19"]
[EventType "team"]
[EventRounds "9"]
[EventCountry "ROU"]
[SourceTitle "CBM 132 Extra"]
[Source "ChessBase"]
[SourceDate "2009.11.03"]
[SourceVersion "1"]
[SourceVersionDate "2009.11.03"]
[SourceQuality "1"]

1. e4 c5 2. Nf3 d6 3. d4 cxd4 4. Nxd4 Nf6 5. Nc3 a6 6. a4 e5 7. Nf3 Be7 8. Bg5 Be6 9. Bxf6 Bxf6 10. Nd5 Nd7 11. a5 0-0 12. Bc4 Rc8 13. b3 Bg5 14. 0-0 Bh6 15. Qe2 Bg4 16. h3 Bxf3 17. Qxf3 Bd2 18. Qg4 Kh8 19. Rfd1 Bh6 20. Qe2 g6 21. b4 f5 22. exf5 gxf5 23. Bb3 e4 24. Qh5 Qg5 25. Qxg5 Bxg5 26. Ba4 Ne5 27. Nb6 Rcd8 28. Rd5 Be7 29. b5 Rg8 30. bxa6 bxa6 31. Bb3 Rg5 32. Kf1 h5 33. Rd4 Bf8 34. Rad1 Rb8 35. Be6 Rb7 36. h4 Rg4 37. Bxf5 Rf4 38. Bxe4 Rbf7 39. f3 Rxh4 40. Bd5 Rff4 41. Rxf4 Rxf4 42. Be4 h4 43. Ke2 Rf6 44. Rh1 Rh6 45. f4 Nf7 46. Kf3 Rh5 47. Bg6 1-0

[Event "ROM-chT"]
[Site "Eforie Nord"]
[Date "2009.09.22"]
[Round "4"]
[White "Nasolea, Alexandru"]
[Black "Pisu, Robert Daniel"]
[Result "1-0"]
[WhiteElo "2034"]
[BlackElo "1868"]
[PlyCount "63"]
[EventDate "2009.09.19"]
[EventType "team"]
[EventRounds "9"]
[EventCountry "ROU"]
[SourceTitle "CBM 132 Extra"]
[Source "ChessBase"]
[SourceDate "2009.11.03"]
[SourceVersion "1"]
[SourceVersionDate "2009.11.03"]
[SourceQuality "1"]

1. e4 e5 2. Nf3 Nf6 3. Nc3 Bb4 4. Bc4 0-0 5. d3 c6 6. Bg5 h6 7. Bxf6 Qxf6 8. Qd2 Rd8 9. a3 d5 10. exd5 cxd5 11. Bxd5 Bxc3 12. Qxc3 Nc6 13. Bxc6 Qxc6 14. Qxc6 bxc6 15. 0-0 f6 16. b4 a5 17. Nd2 axb4 18. axb4 Rb8 19. Rfb1 Rd4 20. Ra7 Be6 21. Re7 Ba2 22. Ra1 Kf8 23. Rc7 Bd5 24. c4 Rxd3 25. cxd5 Rxd2 26. dxc6 Rb2 27. Rb7 Rxb4 28. Rxb4 Rxb4 29. c7 Rc4 30. Ra8+ Ke7 31. c8Q Rc1+ 32. Qxc1 1-0

[Event "ROM-chT"]
[Site "Eforie Nord"]
[Date "2009.09.21"]
[Round "3"]
[White "Nitelea, Barbu Alexandru"]
[Black "Nasolea, Alexandru"]
[Result "0-1"]
[WhiteElo "2105"]
[BlackElo "2034"]
[PlyCount "168"]
[EventDate "2009.09.19"]
[EventType "team"]
[EventRounds "9"]
[EventCountry "ROU"]
[SourceTitle "CBM 132 Extra"]
[Source "ChessBase"]
[SourceDate "2009.11.03"]
[SourceVersion "1"]
[SourceVersionDate "2009.11.03"]
[SourceQuality "1"]

1. e4 c5 2. c3 Nf6 3. e5 Nd5 4. d4 cxd4 5. cxd4 Nc6 6. Nf3 d6 7. Bc4 e6 8. 0-0 Be7 9. Qe2 0-0 10. Rd1 Na5 11. Bd3 Nb4 12. exd6 Qxd6 13. Be4 f5 14. Bd3 Nxd3 15. Qxd3 Bd7 16. Nc3 Bc6 17. Nb5 Bxb5 18. Qxb5 Qd5 19. Qxd5 exd5 20. Bf4 Nc6 21. Ne5 Nxe5 22. dxe5 g5 23. Be3 f4 24. Bd4 Kf7 25. Rac1 Rfc8 26. f3 a6 27. Kf2 Ke6 28. g3 Rc6 29. Rxc6+ bxc6 30. gxf4 gxf4 31. Rg1 c5 32. Bc3 d4 33. Bd2 Rb8 34. b3 c4 35. Bxf4 cxb3 36. axb3 Rxb3 37. Ra1 Ra3 38. Rxa3 Bxa3 39. Ke2 Kf5 40. Bg3 Bc1 41. Kd3 Be3 42. e6 Kxe6 43. Ke4 a5 44. Be1 a4 45. Bb4 Kd7 46. f4 Kc6 47. Ba3 Kb5 48. f5 Kc4 49. Bb2 Kb3 50. Ba1 Kc2 51. f6 d3 52. Kxe3 d2 53. f7 d1Q 54. f8Q Qe1+ 55. Kd4 Qxa1+ 56. Ke4 Qc3 57. Qf2+ Kb3 58. Kd5 a3 59. Ke6 a2 60. Qb6+ Ka3 61. Qa6+ Kb2 62. Qe2+ Qc2 63. Qe5+ Kb1 64. Qe1+ Kb2 65. Qe5+ Qc3 66. Qe2+ Kb3 67. Qb5+ Qb4 68. Qd3+ Kb2 69. Qe2+ Ka3 70. Qa6+ Kb3 71. Qd3+ Qc3 72. Qb5+ Kc2 73. Qe2+ Qd2 74. Qc4+ Kd1 75. Qa4+ Ke1 76. Qh4+ Qf2 77. Qb4+ Kf1 78. Qa3 Qe1+ 79. Kf7 a1Q 80. Qh3+ Ke2 81. Qe6+ Kd3 82. Qh3+ Qe3 83. Qxh7+ Qe4 84. Qh3+ Ke2 0-1

[Event "ROM-chT"]
[Site "Eforie Nord"]
[Date "2008.09.04"]
[Round "4"]
[White "Chirila, Ioan Cristian"]
[Black "Nasolea, Alexandru"]
[Result "1-0"]
[WhiteElo "2425"]
[BlackElo "1987"]
[PlyCount "71"]
[EventDate "2008.09.01"]
[EventType "team"]
[EventRounds "9"]
[EventCountry "ROU"]
[SourceTitle "CBM 126 Extra"]
[Source "ChessBase"]
[SourceDate "2008.11.05"]
[SourceVersion "1"]
[SourceVersionDate "2008.11.05"]
[SourceQuality "1"]

1. e4 c5 2. Nf3 d6 3. d4 cxd4 4. Nxd4 Nf6 5. Nc3 a6 6. Bg5 e6 7. f4 Qb6 8. Nb3 Be7 9. Qf3 Nbd7 10. 0-0-0 Qc7 11. Bd3 b5 12. Rhe1 b4 13. Ne2 Bb7 14. Ng3 h6 15. Bxf6 Nxf6 16. Qe2 0-0 17. e5 dxe5 18. fxe5 Nd7 19. Nh5 Rfd8 20. Qg4 Bf8 21. Kb1 Rac8 22. Qf4 Nc5 23. Nxc5 Qxc5 24. Rf1 Qe7 25. Rde1 Rc7 26. g4 Qg5 27. Qg3 Rd4 28. Nf4 Be7 29. Qf2 Bc5 30. Qg3 Be7 31. h3 Qh4 32. Qh2 Bg5 33. Ng2 Bxg2 34. Qxg2 Ra7 35. Qc6 Qxh3 36. Qe8# 1-0